000
00248 a2200085 4500
020
_a
9789400797765
100
_a
K. OTTO-ZIMMERMANN
245
_a
RESILIENT CITIES 2: CITIES AND ADAPTATION TO CLIMATE CHANGE, PROCEEDINGS GLOBAL FORUM
260
_b
SPRINGER
999
_c
13034
_d
13034